000 01173nam a2200217Ia 4500
999 _c37760
_d37760
001 3736
003 GE_BSU
005 20190805171532.0
008 181216s1980||||ge |||||||||||||| ||geo||
040 _cGE_BSU
041 _ageo
080 _a069(479.22) ს–24
245 _aსამუზეუმო ექსპონატების რესტავრაცია, კონსერვაცია, ტექნოლოგია lll /
_cრედ. რ. ბახტაძე. ს. ჯანაშიას სახ. საქ–ს სახელმწიფო მუზეუმი
264 _aთბილისი :
_bმეცნიერება,
_c1980.
300 _a170 გვ. ;
_b21 სმ.
653 _aსამუზეუმო ექსპონატთა რესტავრაცია
653 _aსამუზეუმო ექსპონატების კონსერვაცია
700 _aბახტაძე, რ.
_eრედაქტორი
_93399
710 _aს. ჯანაშიას სახ. საქ–ს სახელმწიფო მუზეუმი
_93400
942 _cBK
_2udc